Statistiken für WM 2022

Klicken Sie hier um das Quiz zu spielen!

Allgemein

  • Dieses Quiz wurde 128 mal gespielt
  • Das Durchschnittsergebnis liegt bei 28 aus 32

Antwortstatistiken

SpielerLand% Korrekt
Virgil van DijkNiederlande
100%
Lionel MessiArgentinien
99%
Kylian MbappeFrankreich
98%
Thomas MüllerDeutschland
97%
Harry KaneEngland
97%
Robert LewandoskiPolen
97%
Christiano RonaldoPortugal
95%
Sergio BusquetsSpanien
95%
Gareth BaleWales
95%
Eden HazardBelgien
94%
Neymar Jr.Brasilien
94%
Granit XhakaSchweiz
93%
Heung-min SonSüdkorea
93%
Maya YoshidaJapan
92%
Luka ModrićKroatien
92%
Simon KjærDänemark
91%
Romain SaïssMarokko
91%
Salman al-FarajSaudi-Arabien
91%
Sadio ManéSenegal
91%
Tyler AdamsUSA
89%
Dušan TadićSerbien
88%
Guillermo OchoaMexiko
86%
Diego GodínUruguay
86%
Mathew RyanAustralien
84%
Hassan al-HaydosKatar
84%
Keylor NavasCosta Rica
83%
André AyewGhana
83%
Enner ValenciaEcuador
78%
Atiba HutchinsonKanada
74%
Ehsan HajsafiIran
73%
Vincent AboubakarKamerun
72%
Youssef MsakniTunesien
69%

Verteilung der Resultate

Perzentil nach korrekt beantworteten Fragen

Anzahl Personen mit jedem Resultat

Ihre Resultats-Entwicklung

Sie haben dieses Quiz noch nicht gespielt